<?xml version="1.0" encoding="UTF-8"?><collection xmlns="info:lc/xmlns/marcxchange-v2"><record format="Unimarc" type="bibliographic"><leader>00606cam  2200217   450 </leader><controlfield tag="001">1732659</controlfield><controlfield tag="003">http://id.bnportugal.gov.pt/bib/porbase/1732659</controlfield><controlfield tag="005">20030625162300.0</controlfield><datafield ind1=" " ind2=" " tag="010"><subfield code="a">0-8061-2553-5</subfield><subfield code="b">Encadernado</subfield></datafield><datafield ind1=" " ind2=" " tag="035"><subfield code="9">04839</subfield></datafield><datafield ind1=" " ind2=" " tag="095"><subfield code="a">PTBN01031402</subfield></datafield><datafield ind1=" " ind2=" " tag="100"><subfield code="a">19951030d1993    k  y0pory0103    ba</subfield></datafield><datafield ind1="0" ind2=" " tag="101"><subfield code="a">eng</subfield></datafield><datafield ind1=" " ind2=" " tag="102"><subfield code="a">US</subfield></datafield><datafield ind1="1" ind2=" " tag="200"><subfield code="a">&lt;A &gt;guide to the historical geography of new spain</subfield></datafield><datafield ind1=" " ind2=" " tag="205"><subfield code="a">Rev. ed.</subfield></datafield><datafield ind1=" " ind2=" " tag="210"><subfield code="a">Norman</subfield><subfield code="c">University of Oklahoma Press</subfield><subfield code="d">1993</subfield></datafield><datafield ind1=" " ind2=" " tag="215"><subfield code="a">484 p.</subfield></datafield><datafield ind1=" " ind2=" " tag="675"><subfield code="a">917.2</subfield><subfield code="v">med</subfield><subfield code="z">por</subfield><subfield code="3">1376952</subfield></datafield><datafield ind1=" " ind2="1" tag="700"><subfield code="a">Gerhard</subfield><subfield code="b">Peter</subfield><subfield code="3">1399710</subfield></datafield><datafield ind1=" " ind2="0" tag="801"><subfield code="a">PT</subfield><subfield code="b">BN</subfield><subfield code="g">RPC</subfield></datafield><datafield ind1=" " ind2=" " tag="977"><subfield code="1">913(4) GER*Gui</subfield><subfield code="2">coop</subfield><subfield code="4">UASD</subfield><subfield code="6">mq3299708</subfield><subfield code="7">bc</subfield><subfield code="8">coop</subfield><subfield code="9">UASD</subfield><subfield code="k">0</subfield></datafield><datafield ind1=" " ind2=" " tag="998"><subfield code="a">ASD23-829</subfield></datafield></record></collection>